Schindler's Ark /
সংরক্ষণ করুন:
| প্রধান লেখক: | |
|---|---|
| বিন্যাস: | গ্রন্থ |
| ভাষা: | ইংরেজি |
| প্রকাশিত: |
Great Britain :
Hodder and Stoughton Ltd.,
c1982.
|
| ট্যাগগুলো: |
কোনো ট্যাগ নেই, প্রথমজন হিসাবে ট্যাগ করুন!
|
MARC
| LEADER | 00000cam a22000002a 4500 | ||
|---|---|---|---|
| 001 | 0000015551 | ||
| 003 | DAYSTAR | ||
| 005 | 20171002014927.0 | ||
| 008 | 030703s1982 xx 001 0 eng d | ||
| 020 | |a 0340335017 | ||
| 040 | |a Daystar | ||
| 040 | |d Gmuthoni | ||
| 050 | 0 | 0 | |a PR9619.3 |b .K46 |
| 100 | 1 | |a Keneally, Thomas. | |
| 245 | 1 | 0 | |a Schindler's Ark / |c Thomas Keneally. |
| 260 | |a Great Britain : |b Hodder and Stoughton Ltd., |c c1982. | ||
| 300 | |a 401 p. | ||
| 908 | |a 060412 | ||
| 942 | |c BK | ||
| 952 | |0 0 |1 4 |4 0 |6 PR_9619_300000000000000_K46 |7 0 |9 8758 |a DUN |b DUN |c PROC |d 2017-09-28 |l 0 |o PR9619.3.K46 |p BK037622 |r 2017-09-28 00:00:00 |w 2017-09-28 |x 29721 |y BK | ||
| 995 | |a Daystar | ||
| 999 | |c 5763 |d 5763 | ||